logo

Bir Sreshtho Munshi Abdur Rouf Library
Jhenaidah Cadet College

Practical Fieldwork for the Young Naturalist / (Record no. 3957)

MARC details
000 -LEADER
fixed length control field 00587nam a2200217 a 4500
001 - CONTROL NUMBER
JCCL Control Number 3957
003 - CONTROL NUMBER IDENTIFIER
JCCL marc code BD-JhCC
005 - DATE AND TIME OF LATEST TRANSACTION
control field 20171119211907.0
008 - FIXED-LENGTH DATA ELEMENTS--GENERAL INFORMATION
fixed length control field 171119s1967 enka|||| ||a| 00| 0 eng d
035 ## - SYSTEM CONTROL NUMBER
system control number (BD-JhCC)3957
040 ## - CATALOGING SOURCE
Original cataloging agency BD-JhCC
Modifying agency BD-JhCC
041 ## - LANGUAGE CODE
Language code of Book eng
082 ## - DEWEY DECIMAL CLASSIFICATION NUMBER
Classification number 591.0724
Author mark and Year SPO 1967
100 ## - MAIN ENTRY--PERSONAL NAME
Personal name Spoczynska, Joy O. I.
245 ## - TITLE STATEMENT
Title Practical Fieldwork for the Young Naturalist /
Statement of responsibility, etc Joy O. I. Spoczynska
260 ## - PUBLICATION, DISTRIBUTION, ETC. (IMPRINT)
Place of publication, distribution, etc Bratain :
Name of publisher, distributor, etc Frederick Muller,
Date of publication, distribution, etc 1967.
300 ## - PHYSICAL DESCRIPTION
Pagination 143 p. :
Other physical details ills;
Dimensions 22 cm.
650 ## - SUBJECT ADDED ENTRY--TOPICAL TERM
Topical term or geographic name as entry element Biology Field Work
942 ## - ADDED ENTRY ELEMENTS (KOHA)
Source of classification or shelving scheme Dewey Decimal Classification
Koha item type Books
Holdings
Source of classification or shelving scheme Damaged status Not for loan Home library Current library Shelving location Total Checkouts Full call number Barcode Date last seen Copy number Koha item type
Dewey Decimal Classification     JCC Rouf Library JCC Rouf Library General Stacks   591.0724 SPO 1967 4119 11/19/2017 C- 1 Books

JCC Library | Contacts | JCC Home

Last Update on 23 September 2017
Copyright @ 2017-2020 JCC Rouf Library
Rouf Library, Jhenidah Cadet College (JCC), Bangladesh